00502nam a2200193 a 4500001001300000003000900013005001700022008004100039020000900080082001600089100001800105245002900123260005400152300000900206500003500215505001000250650003000260700001800290nice12345678IN_TiNIC20260116013314.0050524s1989 newa grp 000 0 eng  ac9000a297.63bAHM aAhmed, Gulzar aProphet`s Concept of War aNew Delhi bAdam Publisher and Distributer c1989 a216p aincludes index and biblioraphy2 aindex aMuhammad, Prophet-Battles1 aAhmed, Gulzar